000 00470nam a2200181Ia 4500
001 18849
005 20260306171701.0
008 260306s9999||||xx |||||||||||||| ||und||
041 _aESP
082 _a658.5
_bS95
100 _aSuri, Rajan
_eAUT
245 0 _aIt’s about time:
_bthe competitive advantage of quick response manufacturing
260 _c2010
300 _axx, 210 páginas :
_c24 cm.
650 _aGEN
654 _aCHU
942 _cLIB
_dJUS
_fJUS
_2ddc
_n
999 _c18849
_d18849